00405 2200157 4500001002100000005001500021020002200036035002000058082000800078084001400086100001600100245005900116260003500175300002500210990001200235INLIS00000000000189020250519080504 a978-602-425-814-6 a0010-0525000182 a700 a700 NUR b0 aNurul Ihsan1 aBuku Ajar Pembelajaran Pencak Silat /cDr. Nurul Ihsan aDepok :bRajawali Press,c2018 a62 hlm ;c14 x 20 cm a0754827